Missing Word: French Movies Quiz Stats

 Plays Quiz not verified by Sporcle

Challenge
Share
Tweet
Embed
Score 0/22 Timer 04:00
0 Plays Today
French Movie Missing Word % Correct
____ and the BeastBeauty
97.4%
The ____ ElementFifth
86.5%
And God ____ WomanCreated
76.9%
Three Colors: ____Blue
76.3%
____: The ProfessionalLéon
75.6%
Hiroshima Mon ____Amour
69.2%
The Double ____ of VeroniqueLife
66%
The ____ Bell and the ButterflyDiving
56.4%
The ____ CircleRed
56.4%
The 400 ____Blows
55.1%
The ____ IllusionGrand
55.1%
French Movie Missing Word % Correct
Blue Is the ____ ColorWarmest
51.9%
The ____ of CherbourgUmbrellas
50%
The ____ BlueBig
44.2%
The ____ of the GameRules
41%
Last ____ at MarienbadYear
38.5%
The Wages of ____Fear
35.9%
____ of ParadiseChildren
34%
The Army of ____Shadows
30.1%
Brotherhood of the ____Wolf
25.6%
____ to the GallowsElevator
17.9%
The Crimson ____Rivers
16%

You're not logged in!

Compare scores with friends on all Sporcle quizzes.
OR
Log In

You Might Also Like...

Show Comments

Extras

Top Quizzes Today


Score Distribution

Your Account Isn't Verified!

In order to create a playlist on Sporcle, you need to verify the email address you used during registration. Go to your Sporcle Settings to finish the process.

Report this User

Report this user for behavior that violates our Community Guidelines.

Details: